Sports Quiz

Random Sports or Basketball Quiz

UTEP Hoops History #1 Quiz Stats

 Plays Quiz not verified by Sporcle

Challenge
Share
Tweet
Embed
Score 0/20 Timer 08:00
0 Plays Today
Question Answer % Correct
What was the only team to defeat the Miners during the 1965-66 championship season?Seattle University
66.2%
What item did Don Haskins hold in his hand throughout every game?A game program
58.1%
What number was worn at one time or another by the following players: Nevil Shed, Dave Feitl, Roy Howard, and Omar Thomas?33
54.4%
For what professional team did El Paso high alum Mark McCall play after his UTEP career ended?Harlem Globetrotters
52.9%
Who was the most recent UTEP player drafted by an NBA team?Derrick Caracter (L.A. Lakers)
51.5%
Who scored the most career points for the Miners among Texas natives only?Brandon Wolfram
47.8%
What prized recruit did Don Haskins win a commitment from by beating him in a free-throw shooting contest?Jim 'Bad News' Barnes
47.1%
What Miner starred on the infamous 1972 US Olympic basketball squad?Jim Forbes
44.9%
Who holds the UTEP career record for most games played?Julyan Stone and Randy Culpepper are tied with 132
44.1%
Who holds the UTEP career record with 336 blocks, which is more than the 2nd and 3rd place players combined?David Van Dyke
43.4%
Question Answer % Correct
What player tried to fight the BYU team singlehandedly in the famous 1985 triple overtime game?Kent Lockhart
42.6%
Who is UTEP's single-season record holder for assists?Julyan Stone
40.4%
Who made the shot at the buzzer that sent the Miners' 1987 NCAA Tourney game against Arizona into overtime?Chris Blocker
36.8%
UTEP has been ranked #2 in the AP Poll on two occasions -- in 1965-66 and what other season?1966-67
34.6%
What player helped the Miners win the 1966 Final Four game against Utah by playing tough defense against Utes superstar Jerry Chambers?Jerry Armstrong
30.9%
Against what team did Filiberto Rivera post the unbelievable numbers of 18 assists and zero turnovers in one game?Louisiana Tech
27.2%
Fill in the blank of this popular 1980s chant: 'We want _____! We want _____!'Merle (Merle Heimer)
22.8%
Who recorded the only triple-double in UTEP history?Jason Williams
22.1%
Who is the only player to be named MVP of the Don Haskins Sun Bowl Invitational three times?Gary Brewster
17.6%
Only two players have ever averaged more than 20 points per game in their UTEP careers. Jim 'Bad News' Barnes was one. Who was the other?Al Tolen
8.1%

You're not logged in!

Compare scores with friends on all Sporcle quizzes.
OR
Log In

You Might Also Like...

Show Comments

Extras

Top Quizzes Today


Score Distribution

Your Account Isn't Verified!

In order to create a playlist on Sporcle, you need to verify the email address you used during registration. Go to your Sporcle Settings to finish the process.

Report this User

Report this user for behavior that violates our Community Guidelines.

Details: